LEADER 01257nam2-2200385---450- 001 990003682110203316 005 20120802095343.0 010 $a90-64-76186-8 035 $a000368211 035 $aUSA01000368211 035 $a(ALEPH)000368211USA01 035 $a000368211 100 $a20120802d2006----km-y0itay50------ba 101 $amul 102 $aNL 105 $a||||||||001yy 200 1 $a<<91 b:>> <> attribution of profits to permanent establishments 210 $aAmersfoort$cIFA$d2006 215 $a746 p.$d23 cm 300 $aPrima del titolo: Subject II 300 $aAtti di 60th Congress of the International Fiscal Association, Amsterdam 2006 410 0$12001 461 1$1001000208500$12001$aCahiers de droit fiscal international 600 0 $aDiritto tributario internazionale 606 0 $2BNCF 676 $a341.751 710 02$aCongress of the International Fiscal Association$d<60. ;$f2006 ;$eAmsterdam>$0612747 801 0$aIT$bsalbc$gISBD 912 $a990003682110203316 951 $a341.751 CON 91b$b890 DIL$c341.751$d00315696 959 $aBK 969 $aDIL 979 $aIANNONE$b90$c20120802$lUSA01$h0953 996 $aAttribution of profits to permanent establishments$91140708 997 $aUNISA LEADER 01393nam--2200397---450- 001 990005920200203316 005 20140113135109.0 010 $a978-88-243-2245-4 035 $a000592020 035 $aUSA01000592020 035 $a(ALEPH)000592020USA01 035 $a000592020 100 $a20140113d2013----km-y0itay50------ba 101 $aita 102 $aIT 105 $a||||||||001yy 200 1 $aStudi giuridici in ricordo di Giovanni Battaglini$fa cura di Gaetano Arangio-Ruiz, Francesco salerno, Cristiana Fioravanti 210 $aNapoli$cJovene$d2013 215 $aXVIII, 298 p.$c1 ritratto$d24 cm 225 2 $aDipartimento di giurisprudenza dell'Università degli studi di Ferrara$v2 410 0$aDipartimento di giurisprudenza dell'Università degli studi di Ferrara$v, 2 606 0 $aDiritto internazionale$xScritti in onore$2BNCF 702 1$aARANGIO-RUIZ,$bGaetano 702 1$aSALERNO,$bFrancesco 702 1$aFIORAVANTI,$bCristiana 702 $aBATTAGLINI,$aGiovanni 801 0$aIT$bsalbc$gISBD 912 $a990005920200203316 951 $aXXI.4. 603$b78824 G.$cXXI.4.$d00350944 959 $aBK 969 $aGIU 979 $aCHIARA$b90$c20140113$lUSA01$h1346 979 $aCHIARA$b90$c20140113$lUSA01$h1349 979 $aCHIARA$b90$c20140113$lUSA01$h1351 996 $aStudi giuridici in ricordo di Giovanni Battaglini$91073727 997 $aUNISA